Music Quiz

Random Music or Kpop Quiz

Name The KPOP Idols Group Quiz Stats

 Plays Quiz not verified by Sporcle

Challenge
Share
Tweet
Score 0/45 Timer 09:00
0 Plays Today
% Correct
EXO
98.2%
Big Bang
88.2%
SNSD
85.7%
EXO
84.1%
Bts
83.8%
EXO
83.5%
EXO
82.3%
EXO
81.4%
Got7
81.1%
2NE1
80.9%
BTS
80.6%
Shinee
80.6%
EXO
80.5%
Exo
79.8%
EXO
79.2%
4minute
77%
Ikon
75.1%
EXO
74.6%
VIXX
73.8%
Shinee
73.8%
Sistar
73.2%
Bts
73.1%
Shinee
72.8%
% Correct
SNSD
68.5%
Shinee
67.5%
GOT7
65.9%
Super Junior
62.9%
Super Junior
62.9%
Infinite
59.7%
TVXQ
58.3%
VIXX
58.2%
2pm
57.9%
Miss A
57.2%
Winner
56.8%
F(x)
56.5%
Red Velvet
56%
CNBlue
53.5%
Block B
52.9%
Mamamoo
52.6%
F(x)
52.5%
Beast
51.3%
2NE1
49.1%
F(x)
45.6%
Red Velvet
43.6%
After School
36.8%

You're not logged in!

Compare scores with friends on all Sporcle quizzes.
OR
Log In

You Might Also Like...

Show Comments

Extras

Created Mar 23, 2016ReportNominate
Tags:Kpop Quiz, big bang, Exo, Kpop Quiz, vixx

Top Quizzes Today


Score Distribution

Your Account Isn't Verified!

In order to create a playlist on Sporcle, you need to verify the email address you used during registration. Go to your Sporcle Settings to finish the process.

Report this User

Report this user for behavior that violates our Community Guidelines.

Details: